| 000 | 01052nam a2200241 a 4500 | ||
|---|---|---|---|
| 008 | 130806s2011 ||||||||||||||||| || u | ||
| 020 | _a9780857254610 | ||
| 050 | _aRC 46 Hea | ||
| 100 | _aCleland, Jennifer | ||
| 245 | 1 | 0 |
_aHealth, behaviour and society: clinical medicine in context _cedited by Jennifer Cleland and Philip Cotton |
| 260 |
_aUnited Kingdom: _bLearning Matters Ltd _c2011 |
||
| 300 | _axi, 190p.: ill. | ||
| 350 | _a33.37 | ||
| 490 | _aBecoming tomorrow's doctors | ||
| 500 | _aReferences | ||
| 650 | _aCLINICAL MEDICINE--EDUCATION | ||
| 650 | _aCLINICAL MEDICINE | ||
| 650 | _aDELIVERY OF HEALTH CARE | ||
| 650 | _aHEALTH BEHAVIOR | ||
| 700 | _aCotton, Philip | ||
| 995 |
_aMEDICAL LIBRARY OPEN ACCESS _e903428 _FCBU-SCHOOL OF MEDICINE LIBRARY (Ndola) _I33.37 _jRC 46 Hea _M2 _UAVAILABLE _WFeb 18, 2016 _y903428 _ZMedical Library Open Access Collection |
||
| 995 |
_aMEDICAL LIBRARY OPEN ACCESS _e902301 _FCBU-SCHOOL OF MEDICINE LIBRARY (Ndola) _jRC 46 Hea _M1 _UAVAILABLE _WAug 22, 2013 _y902301 _ZMedical Library Open Access Collection |
||
| 999 |
_c63947 _d63947 |
||